[Event "exe Slovakia Open 2025"]
[Site "Bratislava SVK"]
[Date "2025.09.16"]
[Round "4.44"]
[White "Povysil, Peter"]
[Black "Bury, Rastislav"]
[Result "0-1"]
[WhiteElo "1853"]
[BlackElo "2096"]
[WhiteFideId "14908344"]
[BlackFideId "14907585"]
[EventDate "2025.09.13"]

1. e4 c5 2. Nf3 d6 3. d4 cxd4 4. Nxd4 Nf6 5. Nc3 a6 6. Bg5 e6 7. Qe2 Nbd7 8.
O-O-O Qc7 9. f4 Be7 10. g3 b5 11. Bg2 Bb7 12. Rhe1 h6 13. Bxf6 Bxf6 14. a3 O-O
15. h4 Qb6 16. Nf3 Bxc3 17. bxc3 Qa5 18. Kd2 Rac8 19. Qe3 Nb6 20. Ke2 Rxc3 21.
Rd3 Rxc2+ 22. Kf1 Nc4 23. Qd4 e5 24. fxe5 dxe5 25. Qd7 Bc8 26. Qe7 Bg4 27. Qb4
Qb6 0-1

[Event "exe Slovakia Open 2025"]
[Site "Bratislava SVK"]
[Date "2025.09.16"]
[Round "4.45"]
[White "Kebis, Milos"]
[Black "Sichnenko, Grigorij"]
[Result "0-1"]
[WhiteElo "1806"]
[BlackElo "2047"]
[WhiteFideId "14901471"]
[BlackFideId "14972557"]
[EventDate "2025.09.13"]

1. c4 c5 2. Nc3 Nf6 3. Nf3 a6 4. d4 cxd4 5. Nxd4 e6 6. e4 d6 7. Be3 b6 8. Be2
Bb7 9. f3 Nbd7 10. O-O Rc8 11. Rc1 h6 12. b4 g5 13. Qa4 Rg8 14. Rfd1 g4 15. Kh1
Qc7 16. Bf2 Qb8 17. Bg3 Nh5 18. Bf2 Qa8 19. fxg4 Nf6 20. h3 h5 21. Bh4 Nxe4 22.
Nxe4 Bxe4 23. Bf3 hxg4 24. hxg4 Rh8 25. Kg1 Rxh4 26. Re1 Bxf3 27. gxf3 b5 28.
cxb5 Rxc1 29. Rxc1 Qa7 30. Rc8+ Ke7 31. Kg2 Bg7 0-1

[Event "exe Slovakia Open 2025"]
[Site "Bratislava SVK"]
[Date "2025.09.16"]
[Round "4.46"]
[White "Vinarcik, Jan"]
[Black "Labrovic, Jakov"]
[Result "0-1"]
[WhiteElo "1800"]
[BlackElo "2001"]
[WhiteFideId "14901030"]
[BlackFideId "14549786"]
[EventDate "2025.09.13"]

1. e4 b6 2. d4 Bb7 3. f3 e6 4. Bd3 c5 5. c3 Nc6 6. Be3 cxd4 7. cxd4 Qh4+ 8. Bf2
Qg5 9. g3 Rc8 10. Ne2 Bb4+ 11. Nbc3 Qh5 12. g4 Qh3 13. Nf4 Qh6 14. Ng2 e5 15. d5
Nd4 16. O-O Bxc3 17. bxc3 Rxc3 18. Bxd4 exd4 19. Rc1 Qd6 20. Rxc3 dxc3 21. Qb3
h5 22. g5 Qe5 23. f4 Qd4+ 24. Kh1 Qxd3 25. Rd1 Qe2 26. Rc1 c2 27. Qxc2 Qxc2 28.
Rxc2 Kd8 29. Ne3 Ne7 30. d6 Bxe4+ 31. Kg1 Bxc2 32. Kf1 0-1

[Event "exe Slovakia Open 2025"]
[Site "Bratislava SVK"]
[Date "2025.09.16"]
[Round "4.47"]
[White "Prochazka, Michal"]
[Black "Smetana, Peter"]
[Result "0-1"]
[WhiteElo "1764"]
[BlackElo "1956"]
[WhiteFideId "14975777"]
[BlackFideId "14961946"]
[EventDate "2025.09.13"]

1. e4 c5 2. Nf3 d6 3. d4 cxd4 4. Nxd4 Nf6 5. Nc3 Nc6 6. Bc4 e6 7. O-O a6 8. Be3
Qc7 9. Bb3 b5 10. f4 b4 11. Na4 Bb7 12. f5 e5 13. Nxc6 Qxc6 14. Nb6 Qxe4 15.
Ba4+ Ke7 16. Qd2 Rd8 17. Rad1 Bc6 18. Rfe1 Bxa4 19. Bf4 Qxf5 20. Bxe5 Ne4 21.
Bxd6+ Ke6 22. Qd4 Bxd6 23. Rxe4+ Be5 24. Qc4+ Kf6 25. Rf1 Qxf1+ 26. Qxf1+ Ke6
27. Nxa4 Rd5 28. Qxa6+ Kf5 29. Qe2 Rhd8 30. Qg4+ Kf6 31. Qf3+ Ke6 32. Qb3 Kf5
33. Qf3+ Ke6 34. Re1 f6 35. Qh3+ Kf7 36. Qxh7 Ra5 37. b3 Rad5 38. Qe4 Rd4 39.
Qb7+ Kg6 40. h3 Rf4 41. Kh2 Rd6 42. Kg1 Rd2 43. Qc6 Rf5 44. Qe4 Rd4 45. Qe2 Bc7
46. Rd1 Rdf4 47. Qd3 Kh6 48. c3 bxc3 49. Nxc3 Bb6+ 50. Kh1 Rf2 51. Rd2 Rf1+ 52.
Qxf1 Rxf1+ 53. Kh2 Bg1+ 54. Kg3 Be3 55. Rd5 Bf4+ 56. Kg4 g6 0-1

[Event "exe Slovakia Open 2025"]
[Site "Bratislava SVK"]
[Date "2025.09.16"]
[Round "4.48"]
[White "Eichler, Alexander"]
[Black "Jancura, Andrej"]
[Result "1-0"]
[WhiteElo "1976"]
[BlackElo "1852"]
[WhiteFideId "12935921"]
[BlackFideId "14923629"]
[EventDate "2025.09.13"]

1. e4 c5 2. Nf3 d6 3. d4 cxd4 4. Nxd4 Nf6 5. Nc3 a6 6. h3 Nc6 7. g4 h6 8. Be3
Nxd4 9. Qxd4 e5 10. Qd2 Be6 11. O-O-O Be7 12. Kb1 b5 13. g5 hxg5 14. Bxg5 Qa5
15. Bxf6 gxf6 16. Qe3 Rc8 17. Be2 f5 18. exf5 Bxf5 19. Bg4 Bxg4 20. hxg4 Rg8 21.
Qe4 Qb6 22. Qf5 Rc4 23. Nd5 Qc6 24. Rh7 Rf8 25. g5 Qc8 26. Nxe7 Kxe7 27. Qf6+
Ke8 28. Rxd6 Rc5 29. g6 1-0

[Event "exe Slovakia Open 2025"]
[Site "Bratislava SVK"]
[Date "2025.09.16"]
[Round "4.49"]
[White "Matejka, Simon"]
[Black "Benci, Rudolf"]
[Result "1-0"]
[WhiteElo "1950"]
[BlackElo "1787"]
[WhiteFideId "14974541"]
[BlackFideId "14963191"]
[EventDate "2025.09.13"]

1. e4 d6 2. d4 Nf6 3. Nc3 c6 4. Bd3 Qc7 5. Nge2 e5 6. O-O Bg4 7. f3 Bh5 8. Be3
Nbd7 9. a4 Be7 10. Qe1 O-O-O 11. d5 a6 12. dxc6 Qxc6 13. b4 Nb8 14. b5 Qc7 15.
Nd5 Nxd5 16. exd5 Bg6 17. Ra3 Bxd3 18. b6 Qc4 19. Rc3 Bxe2 20. Rxc4+ Bxc4 21.
Qc3 1-0

[Event "exe Slovakia Open 2025"]
[Site "Bratislava SVK"]
[Date "2025.09.16"]
[Round "4.50"]
[White "Sipka, Mladen"]
[Black "Osvald, David"]
[Result "0-1"]
[WhiteElo "1954"]
[BlackElo "1815"]
[WhiteFideId "911976"]
[BlackFideId "14974398"]
[EventDate "2025.09.13"]

1. d4 c5 2. d5 d6 3. Nc3 g6 4. g3 Bg7 5. Bg2 Nf6 6. Nf3 O-O 7. O-O a6 8. a4 Nbd7
9. e4 Rb8 10. Qe2 Ne8 11. Bf4 Nc7 12. a5 b5 13. axb6 Rxb6 14. Na4 Rb8 15. Rfb1
Nf6 16. Nd2 e6 17. Bxd6 Qxd6 18. e5 Qd8 19. exf6 Bxf6 20. dxe6 Nxe6 21. Ne4 Bg7
22. Qc4 Rb4 23. Qf1 Qc7 24. c3 Rb5 25. Qe1 Bb7 26. Rd1 Ra5 27. Nd6 Bxg2 28. Kxg2
Ng5 29. f3 Qc6 30. Ne4 Nxf3 31. Kxf3 f5 32. Kg2 fxe4 33. b3 e3+ 34. Kh3 Qe6+ 0-1

[Event "exe Slovakia Open 2025"]
[Site "Bratislava SVK"]
[Date "2025.09.16"]
[Round "4.51"]
[White "Jursa, Juraj"]
[Black "Mandak, Miroslav"]
[Result "1/2-1/2"]
[WhiteElo "1756"]
[BlackElo "1947"]
[WhiteFideId "73619256"]
[BlackFideId "14902990"]
[EventDate "2025.09.13"]

1. e4 c5 2. Nf3 e6 3. d4 cxd4 4. Nxd4 Nf6 5. Nc3 Nc6 6. Nxc6 bxc6 7. e5 Nd5 8.
Ne4 Qc7 9. f4 Qb6 10. Bd3 Ba6 11. a3 Bxd3 12. Qxd3 f5 13. Ng5 Be7 14. Nh3 Qb7
15. c4 Nb6 16. Be3 c5 17. O-O O-O 18. Qe2 Qe4 19. b3 a5 20. a4 h6 21. Nf2 Qc6
22. Nd3 Ra7 23. Bd2 Nc8 24. Rf3 Rf7 25. Rg3 Qb7 26. Rb1 Ra6 27. Qh5 Kf8 28. Qg6
Ke8 29. Qh7 Bf8 30. Be3 Rc6 31. Qg6 Rc7 32. Nf2 Ne7 33. Qh5 Qc6 34. Qe2 Qb6 35.
Nd1 Nc6 36. Nc3 Be7 37. Nb5 Rb7 38. Rd1 Kf8 39. Bf2 Kg8 40. Rgd3 Bf8 41. Qh5 Nd8
42. R1d2 Qc6 43. Bh4 Rb8 44. Qd1 Qe4 45. Rxd7 Rxd7 46. Rxd7 Nc6 47. Bg3 Qe3+ 48.
Kh1 Nd4 49. Nxd4 cxd4 50. Rxd4 Rxb3 51. Be1 Bb4 52. Bxb4 Qxd4 53. Qxd4 Rb1+ 54.
Be1 Rxe1+ 55. Qg1 Rxg1+ 56. Kxg1 Kf8 57. Kf2 Ke7 58. Ke3 Kd7 59. Kd4 Kc6 60. h4
h5 61. g3 g6 62. c5 Kc7 63. Kd3 Kd7 64. Ke3 Kc6 65. Kd4 Kc7 66. Kc3 Kb7 1/2-1/2

[Event "exe Slovakia Open 2025"]
[Site "Bratislava SVK"]
[Date "2025.09.16"]
[Round "4.52"]
[White "Molnar, Sviatoslav"]
[Black "Ondreicka, Roman"]
[Result "0-1"]
[WhiteElo "1740"]
[BlackElo "1938"]
[WhiteFideId "14974185"]
[BlackFideId "14980231"]
[EventDate "2025.09.13"]

1. e4 c5 2. Nf3 g6 3. c3 Bg7 4. d4 cxd4 5. cxd4 d5 6. e5 a6 7. Nc3 Nc6 8. Be3 f6
9. Be2 fxe5 10. dxe5 e6 11. O-O Nge7 12. Bf4 O-O 13. Qd2 Nf5 14. Rac1 Nh4 15.
Nxh4 Qxh4 16. Bg3 Qd4 17. Qxd4 Nxd4 18. Bd3 Bd7 19. Ne2 Nc6 20. f4 Rac8 21. Bf2
Nb4 22. Bb1 Bb5 23. Rxc8 Rxc8 24. Rc1 Rf8 25. Nd4 Rxf4 26. Nxe6 Rc4 27. Rxc4
Bxc4 28. b3 Bd3 29. Bxd3 Nxd3 30. Nxg7 Kxg7 31. Bd4 Kf7 32. Kf1 Ke6 33. Ke2 Nxe5
34. h3 Nc6 35. Bb2 d4 36. Ba3 Kd5 37. Bf8 Ke4 38. Be7 Ke5 0-1

[Event "exe Slovakia Open 2025"]
[Site "Bratislava SVK"]
[Date "2025.09.16"]
[Round "4.53"]
[White "Korenova, Simona"]
[Black "Thornley, Oliver"]
[Result "1/2-1/2"]
[WhiteElo "1905"]
[BlackElo "1731"]
[WhiteFideId "14941813"]
[BlackFideId "445916"]
[EventDate "2025.09.13"]

1. d4 Nf6 2. c4 e6 3. Nc3 Bb4 4. Bd2 O-O 5. Nf3 b6 6. e3 Bb7 7. Bd3 Bxc3 8. Bxc3
Ne4 9. Bb4 d6 10. O-O Nd7 11. Nd2 f5 12. f3 Qg5 13. Qe2 Nef6 14. Rac1 c5 15. Ba3
a5 16. b3 Qg6 17. Nb1 e5 18. d5 e4 19. Bc2 exf3 20. Qxf3 Ne4 21. Bxe4 fxe4 22.
Qg3 Qxg3 23. hxg3 b5 24. Nd2 Rxf1+ 25. Rxf1 bxc4 26. bxc4 Nb6 27. Rb1 Ra6 28.
Rb5 Bc8 29. Bxc5 dxc5 30. Rxc5 Bf5 31. Rc6 Nxc4 32. Nxc4 Ra8 33. Nd6 Bg6 34. Nb7
Rb8 35. Nxa5 Bf7 36. Rd6 h6 37. Nb3 Rb5 38. Rd8+ Kh7 39. d6 Bxb3 40. axb3 Rxb3
41. Re8 Rd3 42. Rxe4 Rxd6 43. Rf4 Rd2 44. Kf1 Ra2 45. e4 g5 46. Rf2 Ra3 47. Rf3
Ra1+ 48. Kf2 Ra2+ 49. Kf1 Ra1+ 50. Kf2 Ra2+ 1/2-1/2

[Event "exe Slovakia Open 2025"]
[Site "Bratislava SVK"]
[Date "2025.09.16"]
[Round "4.54"]
[White "Bartolome Martin, Angel"]
[Black "Janovicek, Lukas"]
[Result "1/2-1/2"]
[WhiteElo "1919"]
[BlackElo "1836"]
[WhiteFideId "24527823"]
[BlackFideId "14975831"]
[EventDate "2025.09.13"]

1. e4 e6 2. d4 d5 3. Nc3 Nf6 4. Bg5 Bb4 5. e5 h6 6. Bd2 Nfd7 7. Qg4 Bf8 8. f4 a6
9. Nf3 c5 10. Be3 cxd4 11. Nxd4 Nc6 12. O-O-O Nb6 13. Kb1 Bd7 14. Nb3 Qc7 15.
Bd3 O-O-O 16. Ne2 1/2-1/2

[Event "exe Slovakia Open 2025"]
[Site "Bratislava SVK"]
[Date "2025.09.16"]
[Round "4.55"]
[White "Kopia, Julian"]
[Black "Malaschitz, Teodor"]
[Result "0-1"]
[WhiteElo "1800"]
[BlackElo "1899"]
[WhiteFideId "41806417"]
[BlackFideId "73621153"]
[EventDate "2025.09.13"]

1. e4 c6 2. d4 d5 3. Nc3 dxe4 4. Nxe4 Nf6 5. Nxf6+ exf6 6. c3 Bd6 7. Bd3 O-O 8.
Qc2 h6 9. Ne2 Qc7 10. h3 Be6 11. O-O c5 12. Bd2 Nc6 13. dxc5 Bxc5 14. Nf4 Rfe8
15. Nxe6 Rxe6 16. Bc4 Re7 17. Bxh6 Ne5 18. Be2 gxh6 19. Qf5 Ng6 20. Bg4 Qe5 21.
Qc2 Qe4 22. Qxe4 Rxe4 23. Bf3 Re7 24. Rad1 Ne5 25. Bd5 Rd8 26. c4 Red7 27. b3 b5
28. Rc1 bxc4 29. bxc4 Rb8 30. Rc2 Kg7 31. Kh2 Ng6 32. g3 h5 33. Re1 h4 34. Kg2
f5 35. Ree2 hxg3 36. fxg3 f4 37. Kf3 Ne7 38. Kxf4 Nxd5+ 39. cxd5 Rxd5 40. Kf3
Rd3+ 41. Kg2 Bd6 42. g4 Rg3+ 43. Kf2 Rxh3 44. Red2 Bf4 45. Re2 Rb6 46. Kg2 Rh2+
47. Kf3 Rxe2 48. Rxe2 Rb4 49. Rc2 Bg5 50. Rc5 Kg6 51. Ra5 Rb7 52. Ra6+ f6 53.
Ke4 Re7+ 54. Kf3 Be3 55. Ra4 Bb6 56. Kg2 Kg5 57. Kf3 Re3+ 58. Kg2 Rc3 59. Kh2
Rc5 60. Kg3 Ra5 61. Rb4 Ra3+ 62. Kg2 Rxa2+ 63. Kf3 Ra3+ 64. Kg2 Rd3 0-1

[Event "exe Slovakia Open 2025"]
[Site "Bratislava SVK"]
[Date "2025.09.16"]
[Round "4.57"]
[White "Voiculescu-Holvad, Stefan"]
[Black "Zhanybekov, Alisher"]
[Result "1-0"]
[WhiteElo "1875"]
[BlackElo "1630"]
[WhiteFideId "20692005"]
[BlackFideId "447013397"]
[EventDate "2025.09.13"]

1. d4 d5 2. Nf3 Nc6 3. c4 e5 4. Nxe5 Nxe5 5. dxe5 d4 6. Nd2 Ne7 7. Nf3 Nc6 8. a3
a5 9. Bg5 Be7 10. Bxe7 Qxe7 11. Nxd4 Nxe5 12. e3 O-O 13. Be2 Ra6 14. Qc2 Rg6 15.
g3 c6 16. O-O-O b5 17. cxb5 cxb5 18. Nxb5 Bb7 19. e4 Rc8 20. Nc3 Rgc6 21. Rd4
Rxc3 22. bxc3 Qxa3+ 23. Kd2 Nc6 24. Rd7 Nb4 25. Qc1 Qa2+ 26. Ke1 Qe6 27. Qd2 Nc6
28. Rxb7 Qxe4 29. f3 Qa4 30. Kf2 Ne5 31. Qd5 Re8 32. Rd1 g6 33. Rd2 Re6 34. f4
Nc6 35. Bb5 Qa1 36. Rd1 Qb2+ 37. Qd2 Qa3 38. Bxc6 Qc5+ 39. Qd4 Rxc6 40. Qxc5
Rxc5 41. Rd3 h5 42. Ke3 h4 43. Kd4 Rf5 44. c4 f6 45. Kc3 g5 1-0

[Event "exe Slovakia Open 2025"]
[Site "Bratislava SVK"]
[Date "2025.09.16"]
[Round "4.60"]
[White "Bednar, Daniel"]
[Black "Benci, Jozef"]
[Result "1/2-1/2"]
[WhiteElo "1764"]
[BlackElo "1960"]
[WhiteFideId "14989620"]
[BlackFideId "14967596"]
[EventDate "2025.09.13"]

1. e4 c5 2. Nc3 Nc6 3. g3 g6 4. Bg2 Bg7 5. d3 e6 6. Be3 d6 7. Qd2 Nd4 8. Nf3 Ne7
9. O-O Nec6 10. Ne1 Rb8 11. Bh6 O-O 12. Bxg7 Kxg7 13. Nd1 b6 14. c3 Nb5 15. f4
Ne7 16. Ne3 Nc7 17. g4 f5 18. exf5 exf5 19. g5 Be6 20. d4 Ncd5 21. Nxd5 Bxd5 22.
Bxd5 Nxd5 23. dxc5 dxc5 24. Nf3 b5 25. Rad1 Nb6 26. Qe3 Qc7 27. Ne5 Nc4 28. Nxc4
bxc4 29. Qe6 Rf7 30. Rd2 Re7 31. Qxc4 Re4 32. Qd5 Kf8 33. Rdf2 Rd8 34. Qb3 Rd3
35. Qc2 Qd7 36. b3 Ree3 37. c4 Qd4 38. Qb2 Rc3 39. Qd2 Red3 1/2-1/2

[Event "exe Slovakia Open 2025"]
[Site "Bratislava SVK"]
[Date "2025.09.16"]
[Round "4.61"]
[White "Deak, Gabriel"]
[Black "Pisarcik, Richard"]
[Result "0-1"]
[WhiteElo "1956"]
[BlackElo "1922"]
[WhiteFideId "14906295"]
[BlackFideId "14967499"]
[EventDate "2025.09.13"]

1. d4 d5 2. Nc3 Nf6 3. Bf4 e6 4. e3 Be7 5. Nf3 O-O 6. Bd3 c5 7. Ne5 Nc6 8. dxc5
Bxc5 9. a3 Bd6 10. Nxc6 bxc6 11. Bg5 h6 12. Bh4 Rb8 13. b4 a5 14. Ne2 axb4 15.
axb4 Rxb4 16. Bg3 e5 17. c3 Rb8 18. Bc2 Be6 19. O-O Nh5 20. Nd4 exd4 21. Bxd6
Qxd6 22. Qxh5 dxc3 23. Qe2 g6 24. Qd1 Rb2 25. Rc1 Rfb8 26. Qd4 Qb4 27. Qf6 Qg4
28. Qxc3 c5 29. Bd1 Qc4 30. Bf3 Qxc3 31. Rxc3 c4 32. h3 R8b3 33. Rcc1 c3 34. Bd1
Ra3 35. Bc2 Raa2 36. Bb1 Ra3 37. Bc2 Kf8 38. Kh2 Ke7 39. g4 Raa2 40. Bb1 Rxf2+
41. Rxf2 Rxf2+ 42. Kg3 Rb2 43. Bd3 Rb3 44. Bc2 Ra3 45. Kf4 Kf6 46. e4 dxe4 47.
Kxe4 Bb3 48. Bd3 Kg5 49. Ke3 c2 50. Kd2 Kh4 51. Bf1 Ra7 52. Re1 Rd7+ 53. Bd3 Bc4 0-1

[Event "exe Slovakia Open 2025"]
[Site "Bratislava SVK"]
[Date "2025.09.16"]
[Round "4.62"]
[White "Macakova, Bianka"]
[Black "Vasko, Matej"]
[Result "0-1"]
[WhiteElo "1637"]
[BlackElo "1926"]
[WhiteFideId "14982846"]
[BlackFideId "14969360"]
[EventDate "2025.09.13"]

1. e4 c5 2. Nf3 Nc6 3. d4 cxd4 4. Nxd4 Nf6 5. Nc3 e5 6. Ndb5 d6 7. Bg5 a6 8. Na3
b5 9. Bxf6 gxf6 10. Nd5 f5 11. Bxb5 axb5 12. Nxb5 Ra4 13. Nbc7+ Kd7 14. Nb6+
Kxc7 15. Nxa4 fxe4 16. Nc3 Qg5 17. Nd5+ Kd8 18. Ne3 Be6 19. a4 f5 20. g3 f4 21.
Nf1 Nd4 22. h4 Qg6 23. Kd2 e3+ 24. Kc3 Qe4 25. b3 e2 26. Qd2 Qxh1 27. Qd3 Bf5
28. Qa6 exf1=Q 29. Rxf1 Qc6+ 30. Qxc6 Nxc6 31. b4 d5 32. b5 d4+ 33. Kc4 Be6+ 34.
Kd3 Nb4+ 35. Ke4 Bd6 36. gxf4 Bd5+ 37. Kf5 Rf8+ 38. Kg4 Rxf4+ 39. Kg3 h5 0-1

[Event "exe Slovakia Open 2025"]
[Site "Bratislava SVK"]
[Date "2025.09.16"]
[Round "4.63"]
[White "Buday, Alexander"]
[Black "Petrik, Matus"]
[Result "1/2-1/2"]
[WhiteElo "1595"]
[BlackElo "1902"]
[WhiteFideId "14971666"]
[BlackFideId "266400"]
[EventDate "2025.09.13"]

1. e4 Nf6 2. e5 Nd5 3. d4 d6 4. Nf3 dxe5 5. Nxe5 c6 6. c3 g6 7. Bd3 Bg7 8. O-O
O-O 9. Re1 Nd7 10. Nf3 c5 11. Be4 N5f6 12. Bc2 cxd4 13. Qxd4 Re8 14. Na3 a6 15.
Nc4 b5 16. Nce5 Nxe5 17. Qxe5 Bb7 18. Qe2 Qc7 19. Be3 Ng4 20. h3 Bxf3 21. Qxf3
Qh2+ 22. Kf1 Nxe3+ 23. Qxe3 Rad8 24. Be4 Rd6 25. Qg3 Qxg3 26. fxg3 Rd2 27. Re2
Red8 28. Rae1 e6 29. Rxd2 Rxd2 30. Re2 Rd1+ 31. Kf2 1/2-1/2

[Event "exe Slovakia Open 2025"]
[Site "Bratislava SVK"]
[Date "2025.09.16"]
[Round "4.64"]
[White "Kebbedies, Frank"]
[Black "Orlov, Konstantin"]
[Result "1-0"]
[WhiteElo "1823"]
[BlackElo "1785"]
[WhiteFideId "24606944"]
[BlackFideId "1681575"]
[EventDate "2025.09.13"]

1. d4 d5 2. c4 e6 3. Nc3 c5 4. cxd5 cxd4 5. Qxd4 Nc6 6. Qd1 exd5 7. Qxd5 Qc7 8.
Nf3 Nf6 9. Qd1 Bb4 10. e3 Ne4 11. Bd2 Nxd2 12. Qxd2 Bf5 13. Be2 Rd8 14. Qc1 Ne5
15. Nxe5 Qxe5 16. O-O O-O 17. Bf3 Rd6 18. Bxb7 Rh6 19. g3 Bh3 20. f4 Qe7 21. Bg2
Bc5 22. Nd5 Qd6 23. Rd1 Bxg2 24. Kxg2 Qa6 25. Qd2 Qe6 26. b4 Qh3+ 27. Kg1 Bd6
28. Qg2 Qe6 29. a3 Rh5 30. Rd3 Rc8 31. Rad1 Bf8 32. h4 a5 33. Kh2 axb4 34. axb4
h6 35. Qe2 g6 36. e4 Rc4 37. Rd4 Rxd5 38. Qxc4 1-0

[Event "exe Slovakia Open 2025"]
[Site "Bratislava SVK"]
[Date "2025.09.16"]
[Round "4.65"]
[White "Havalda, Samuel"]
[Black "Rexova, Kristina"]
[Result "1-0"]
[WhiteElo "1963"]
[BlackElo "1559"]
[WhiteFideId "14955490"]
[BlackFideId "14987449"]
[EventDate "2025.09.13"]

1. e4 e5 2. Nf3 Nf6 3. Nxe5 d6 4. Nf3 Nxe4 5. Nc3 d5 6. Qe2 Be7 7. Nxe4 dxe4 8.
Qxe4 O-O 9. d4 Bb4+ 10. c3 Re8 11. Ne5 Bd6 12. Bc4 Qf6 13. Bg5 Qxg5 14. Bxf7+
Kf8 15. Bxe8 Kxe8 16. f4 Qf5 17. Qf3 Bxe5 18. dxe5 Nc6 19. O-O Be6 20. a3 Rd8
21. Rad1 Rxd1 22. Rxd1 Qc2 23. b4 Bb3 24. Re1 Qd2 25. Re3 Qc1+ 26. Kf2 Qxa3 27.
Qh5+ Kf8 28. e6 Qb2+ 29. Re2 1-0

[Event "exe Slovakia Open 2025"]
[Site "Bratislava SVK"]
[Date "2025.09.16"]
[Round "4.66"]
[White "Krivosik, Matus"]
[Black "Dubnicka, Ferdinand"]
[Result "1-0"]
[WhiteElo "1838"]
[BlackElo "1533"]
[WhiteFideId "73619671"]
[BlackFideId "14944057"]
[EventDate "2025.09.13"]

1. d4 g6 2. Nf3 Bg7 3. Bf4 d6 4. Qd2 Bg4 5. Nc3 c6 6. e4 Nd7 7. Be2 Bxf3 8. Bxf3
e5 9. dxe5 Bxe5 10. Be3 Nb6 11. Be2 Ne7 12. f4 Bg7 13. O-O-O Nbc8 14. Bc5 O-O
15. Bxd6 Qb6 16. Na4 Qf2 17. Bf3 Qh4 18. e5 Nf5 19. Bxf8 Bxf8 20. g4 Nfe7 21. f5
Bh6 22. f6 Bxd2+ 23. Rxd2 h5 24. Rd8+ Kh7 25. fxe7 Qxe7 26. Rhd1 Nb6 27. Rxa8
Nxa8 28. gxh5 g5 29. Re1 Qb4 30. Re4 Qb5 31. Be2 Qa5 32. Bd3 Kg7 33. Nc3 Nc7 34.
a3 b5 35. Rg4 Kh6 36. Kb1 Qb6 37. Ne4 Ne6 38. Nd6 Qc7 39. h4 gxh4 40. Rxh4 f6
41. Nf5+ Kg5 42. h6 Nf8 43. exf6 Kxf6 44. Ng7 Qg3 45. Nh5+ Kg5 46. Nxg3 Kxh4 47.
Ne2 Kg5 48. h7 Nxh7 49. Bxh7 1-0

[Event "exe Slovakia Open 2025"]
[Site "Bratislava SVK"]
[Date "2025.09.16"]
[Round "4.67"]
[White "Munk, Lubomir"]
[Black "Chmelikova, Julia"]
[Result "1-0"]
[WhiteElo "1769"]
[BlackElo "1590"]
[WhiteFideId "14903806"]
[BlackFideId "14977753"]
[EventDate "2025.09.13"]

1. c4 e5 2. Nc3 Nc6 3. g3 g6 4. Bg2 Bg7 5. e4 d6 6. Nge2 Nge7 7. Nd5 Nxd5 8.
cxd5 Nd4 9. Nxd4 exd4 10. d3 O-O 11. O-O Bd7 12. h3 Rb8 13. b3 c5 14. f4 f5 15.
exf5 Rxf5 16. g4 Rf7 17. Be4 Qh4 18. Qf3 Rbf8 19. Qg2 Kh8 20. Bd2 Qe7 21. Rae1
Qd8 22. Re2 b5 23. Ref2 Qc8 24. Qg3 Bh6 25. Qh4 Bxf4 26. Bxf4 Rg8 27. Bxd6 Rxf2
28. Be5+ 1-0

[Event "exe Slovakia Open 2025"]
[Site "Bratislava SVK"]
[Date "2025.09.16"]
[Round "4.68"]
[White "Malanik, Jakub"]
[Black "Srnak, Martin"]
[Result "0-1"]
[WhiteElo "1500"]
[BlackElo "1671"]
[WhiteFideId "14994240"]
[BlackFideId "14973308"]
[EventDate "2025.09.13"]

1. Nf3 d5 2. c4 d4 3. e3 Nc6 4. exd4 Nxd4 5. Nxd4 Qxd4 6. d3 e5 7. Nc3 c6 8. Be3
Qd8 9. d4 exd4 10. Qxd4 Bd7 11. Bd3 Nf6 12. O-O Be7 13. Rad1 O-O 14. Bg5 Qc7 15.
Bxf6 Bxf6 16. Bxh7+ Kxh7 17. Qxd7 Qb6 18. Qh3+ Kg8 19. b3 Rfe8 20. Rd3 Rad8 21.
Na4 Qb4 22. Rfd1 Re5 0-1

[Event "exe Slovakia Open 2025"]
[Site "Bratislava SVK"]
[Date "2025.09.17"]
[Round "5.1"]
[White "Shohat, Yotam"]
[Black "Pechac, Jergus"]
[Result "1-0"]
[WhiteTitle "IM"]
[BlackTitle "GM"]
[WhiteElo "2382"]
[BlackElo "2544"]
[WhiteFideId "2813955"]
[BlackFideId "14926970"]
[EventDate "2025.09.13"]

1. e4 c5 2. Nf3 e6 3. d4 cxd4 4. Nxd4 Qb6 5. Nb3 Nc6 6. Nc3 Nf6 7. Qe2 Qc7 8.
Bd2 a6 9. f4 d6 10. g4 h6 11. Bg2 Be7 12. O-O-O Nd7 13. h4 b5 14. g5 Nb6 15. Nd5
exd5 16. exd5 Nd8 17. Bc3 Kf8 18. Rde1 Ra7 19. Qe4 Nc4 20. Nd4 Kg8 21. g6 Bf8
22. h5 fxg6 23. hxg6 h5 24. Nc6 Rh6 25. Qe8 Bf5 26. Ne7+ Qxe7 27. Rxe7 Rxe7 28.
Qxd8 Re2 29. Bh3 Rxc2+ 30. Kb1 Rh2+ 31. Bxf5 Rxh1+ 32. Kc2 Ne3+ 33. Kb3 Nxf5 34.
Qe8 Rxg6 35. Qxg6 Nh6 36. f5 Rh4 37. f6 Rg4 38. Qxh5 Rg3 39. fxg7 Bxg7 40. Qe8+
Kh7 41. Qd7 1-0

[Event "exe Slovakia Open 2025"]
[Site "Bratislava SVK"]
[Date "2025.09.17"]
[Round "5.2"]
[White "Heberla, Bartlomiej"]
[Black "Sahidi, Samir"]
[Result "1/2-1/2"]
[WhiteTitle "GM"]
[BlackTitle "IM"]
[WhiteElo "2502"]
[BlackElo "2469"]
[WhiteFideId "1115120"]
[BlackFideId "14936372"]
[EventDate "2025.09.13"]

1. d4 Nf6 2. c4 e6 3. Nc3 Bb4 4. e3 O-O 5. Bd2 b6 6. Bd3 Bb7 7. Nf3 d6 8. O-O c5
9. a3 Bxc3 10. Bxc3 Nbd7 11. b4 Ne4 12. Bb2 f5 13. Nd2 Nxd2 14. Qxd2 Qg5 15. f3
Rf7 16. Bc3 Re8 17. bxc5 bxc5 18. Kh1 Bc6 19. Rab1 Nf8 20. d5 exd5 21. cxd5 Ba4
22. Rfe1 Ng6 23. f4 Qd8 24. g3 Nf8 25. e4 fxe4 26. Rxe4 Rxe4 27. Bxe4 Re7 28.
Bf3 Qe8 29. Kg2 Qg6 30. Re1 Rxe1 31. Qxe1 Qc2+ 32. Qd2 Qxd2+ 33. Bxd2 Kf7 34. g4
Nd7 35. g5 Nb6 36. Be4 g6 37. f5 Bb3 38. fxg6+ hxg6 39. Bf4 c4 40. Kf2 c3 41.
Ke2 Bxd5 1/2-1/2

[Event "exe Slovakia Open 2025"]
[Site "Bratislava SVK"]
[Date "2025.09.17"]
[Round "5.3"]
[White "Beliavsky, Alexander G"]
[Black "Yaniv, Yuval"]
[Result "1/2-1/2"]
[WhiteTitle "GM"]
[BlackTitle "IM"]
[WhiteElo "2453"]
[BlackElo "2410"]
[WhiteFideId "14602377"]
[BlackFideId "2823900"]
[EventDate "2025.09.13"]

1. d4 Nf6 2. c4 c5 3. Nf3 cxd4 4. Nxd4 e5 5. Nb5 d5 6. cxd5 Bc5 7. e3 O-O 8.
N5c3 Bf5 9. Be2 Nbd7 10. Nd2 Bb4 11. O-O Bxc3 12. bxc3 Nxd5 13. Bf3 Nxc3 14. Qb3
Rc8 15. Bb2 Bc2 16. Qa3 Na4 17. Bxb7 Rb8 18. Rac1 Rxb7 19. Rxc2 Nxb2 1/2-1/2